• 首页
  • 本馆介绍
  • 公告通知
  • 最新文献
  • 馆藏检索
  • 电子资源
  • 读者导购
  • 参考咨询
  • 我的图书馆
  • 登录
  • 详细信息显示
  • 放入我的书架
  • 预约/预借图书
  • 作者相关作品
  • 分类相关作品
  • 丛书相关作品
  • 出版社相关作品

书目信息

  • 表格格式
  • 工作单格式
  • 卡片格式
题名:
唐宋社会变革论纲
    
 
作者: 林文勋 著
分册:  
出版信息: 北京   人民出版社  2011.07
页数: 356页
开本: 21cm
丛书名:
单 册:
中图分类: K242.07 , K244.07
科图分类:
主题词: 社会变革--研究--中国--唐代 , 社会变革--研究--中国--宋代 , 社会变革
电子资源:
ISBN: 978-7-01-009877-7
000 00865nam0 2200265 450
001 010010082400
005 20120612091423.56
010    @a978-7-01-009877-7@dCNY35.00
100    @a20110819d2011 em y0chiy50 ea
101 0  @achi
102    @aCN@b110000
105    @ak z 000yy
106    @ar
200 1  @a唐宋社会变革论纲@9tang song she hui bian ge lun gang@f林文勋著
210    @a北京@c人民出版社@d2011.07
215    @a356页@d21cm
330    @a本书主要内容包括:总论——唐宋社会变革:一种经济史的解释;商品经济与经济关系及阶级关系的变革;商品经济与国家政策的调整及制度变革等。
606 0  @a社会变革@x研究@y中国@z唐代
606 0  @a社会变革@x研究@y中国@z宋代
606 0  @a社会变革
690    @aK242.07@v4
690    @aK244.07@v4
701  0 @a林文勋@9lin wen xun@f(1966-)@4著
801  0 @aCN@bRENTIAN@c20110819
905    @b539766-70@dK242.07@e21@f5
    
    唐宋社会变革论纲/林文勋著.-北京:人民出版社,2011.07
    356页;21cm
    
    
    ISBN 978-7-01-009877-7:CNY35.00
    本书主要内容包括:总论——唐宋社会变革:一种经济史的解释;商品经济与经济关系及阶级关系的变革;商品经济与国家政策的调整及制度变革等。
●
相关链接 在E读中查询图书 在五车中查询图书 在当当中查询图书 在豆瓣中查询图书


正题名:唐宋社会变革论纲     索取号:K242.07/21         预约/预借

序号 登录号 条形码 馆藏地/架位号 状态 备注
1 539766   205397667   第二样本阅览室/ [索取号:K242.07/21] 在馆    
2 539767   205397676   密集书库-史法系/ [索取号:K242.07/21] 在馆    
3 539768   205397685   第二借阅区/ [索取号:K242.07/21] 在馆    
4 539769   205397694   第二借阅区/ [索取号:K242.07/21] 在馆    
5 539770   205397701   第二借阅区/ [索取号:K242.07/21] 在馆    
唐山师范学院图书馆 欢迎您!
大连网信软件有限公司© 版权所有